000 00700nam a2200265Ia 4500
001 dia_2597
003 CHAP
005 20230313130549.0
008 220117s1992 xx 000 0 und d
010 _a173115
040 _cCHAP
082 _a663.22 P3
100 _aPérez Camacho, Fernándo
_989554
245 _aLa Uva de Mesa /
_c por Fernándo Pérez Camacho
260 _aMadrid :
_b Mundi-prensa,
_c1992
300 _a153 p.
400 _aAGROGUÍA MUNDI-PRENSA
500 _aC/e
650 _aUva
_9117117
650 _aViticultura
_9120043
901 _a663.22 P3
902 _aM
905 _a0000001992 MADA 0000000000ESP00
942 _cLIBRO
_2ddc
999 _c173115
_d173115